00499nam a2200181Ia 4500003000900000008004100009040001300050040001300063041000900076100002100085100000800106245015900114250001100273260000800284260000900292300001000301490000600311IT-RoPAU120407s9999 xx 000 0 und d aIT-RoPAU cIT-RoPAU alat  aEmilio Fogliasso csde aDe iuridicis relationibus inter status perfectionis et ordinarium loci in systemate iuris canonici. Excerptum et “Salesianum”. Ann. XXII (1960). n. 4. aTorino aSei c1961 c24 cm v1